00946cam a2200301 i 450000100090000000300040000900500170001300800410003001000170007102000180008802000150010604000280012104200080014905000230015708200170018010000320019724500720022925000210030126400470032230000300036933600260039933700280042533800270045350400510048065000360053165000240056770000530059119618644OSt20231229141201.0170502s2018 nyu b 001 0 eng  a 2017005842 a9780134519258 a0134519256 aDLCbengcDLCerdadDLC apcc00aHF5415.6b.J6 201800a658.5bMUR/C1 aMurphy, Paul Regiseauthor.10aContemporary logistics /cPaul R. Murphy, Jr., A. Michael Knemeyer. aTwelfth edition. 1aNew York, NY :bPearson Education,c[2018] axviii, 293 pages ;c27 cm atextbtxt2rdacontent aunmediatedbn2rdamedia avolumebnc2rdacarrier aIncludes bibliographical references and index. 0aPhysical distribution of goods. 0aBusiness logistics.1 aKnemeyer, A. Michaelq(August Michael),eauthor.